00909nam a2200265 i 4500001001000000003000900010005001700019007000300036008004100039040003000080041000800110082002500118100004400143245004600187250002300233264008400256300004500340336002700385337003300412338002800445500007100473504004000544650002200584650003700606000016643DO-SdBNP20260526104224.0ta100308s1988 dr a r 000 0 spa d aDO-SdBNPbspacBNPHUerda aspa 4a641.25903bC531v2221 aChez Checo, José,d1949-eautor4aut.10aVocabulario del ron /cJosé Chez Checo. aprimera edición  1aSanto Domingo, República Dominicana :bediciones Centenario de Brugal,c1988. a134 páginas :bilustraciones ;c21 cm. atextobtxt2rdacontent asin mediaciónbn2rdamedia avolumenbnc2rdacarrier aIncluye datos biográficos del autor en la solapa de la cubierta. aBibliografía : páginas 129-134. 4aRonxDiccionarios 4aIndustria licoreraxDiccionarios